00747nam a2200193 a 450000100100000000500170001000800410002702000180006804000250008610000250011124501070013626000630024330000310030650000190033770000500035670000250040695201050043199900170053600004071220201002034325.0130905s2008 dr a 001 0 spa d a9788483224038 aDO-SdBNPbspacBNPHU1 aNewbold, Paul96709810aEstadística para Administración y Economía /cPaul Newbold, William L. Carlson, Betty M. Thorne. aMadrid :bUpper Saddle River, New Jersey : Pearson,c2008. a1063 p. ; :bil. ;c26 cm. aIncluye indice1 aCarlson, William LqWilliam Leed1938-9670991 aThorne, Betty967100 0010718PDaGRbGRcCTd2013-09-05iLF1l0o p40712-10r2020-06-25w2020-06-25yLFPDZNo se presta c40202d40202